000 00393nam a2200169Ia 4500
008 230524s9999 xx 000 0 und d
020 _a8121929237
082 _a658.33
_bDHA
100 _aE.Dharmaraj
245 0 _aFinancial Services
250 _aIST
260 _aNEW DELHI
_bS.Chand
_c2008
300 _aXII'210
500 _aQuantity Number: 3
650 _aManagement
942 _cBK
999 _c43117
_d43117